[Event "Beersheba"]
[Site "Beersheba"]
[Date "1996.??.??"]
[Round "3"]
[White "Mikhalevski, Alexander"]
[Black "Tunik, Gennady"]
[Result "0-1"]
[WhiteElo "2435"]
[BlackElo "2475"]
[Annotator "Dautov,R"]
[PlyCount "172"]
[EventDate "1996.03.??"]
[EventType "tourn"]
[EventRounds "11"]
[EventCountry "ISR"]
[EventCategory "10"]
[SourceTitle "CBM 053"]
[Source "ChessBase"]
[SourceDate "1996.08.01"]
[SourceVersion "1"]
[SourceVersionDate "1996.08.01"]
[SourceQuality "1"]

1. d4 Nf6 2. c4 e6 3. Nf3 b6 4. Nc3 Bb4 5. Qc2 Bb7 6. a3 Bxc3+ 7. Qxc3 d6 8. g3
Nbd7 9. Bg2 O-O 10. O-O Qe7 11. b3 (11. b4 a5 12. Bb2 axb4 13. axb4 Rxa1 14.
Rxa1 Ra8 $10) 11... Ne4 $6 (11... Rac8 12. a4 a5 13. Ba3 c5 14. Rfd1 Rfd8 15.
Qe3 Be4 16. Bh3 Re8 17. Rac1 h6 18. dxc5 Nxc5 19. Nd4 Ba8 20. Nb5 Red8 21. f3
d5 22. Bf1 dxc4 23. bxc4 Ne8 24. Rb1 Rxd1 25. Rxd1 Qf6 26. Nc3 $14 {Dreev,
A-Almasi,Z/EUCup f Lyon ;CBM 45 1994}) (11... c5 12. Bb2 Rac8 13. Rad1 d5 14.
cxd5 Bxd5 15. Nd2 Rfd8 16. e4 cxd4 17. Qxd4 e5 18. Qb4 Qxb4 19. axb4 Be6 20.
Nc4 Ne8 21. Rd2 f6 22. Rfd1 Kf8 23. f4 $14 {Ftacnik,L-Almasi,Z/BL 9495
HSK-Dresden 1995}) 12. Qc2 f5 13. Ng5 $1 {N} (13. Rd1 {/\d5} Nef6 $2 (13...
Ndf6 $142) 14. d5 $1 e5 15. Ng5 e4 16. Ne6 $16 {James,Dav-Taylor,P/Hastings
Masters (08) ;EXP 48 1995}) 13... Ndf6 14. Nh3 {/\f3} c5 $6 (14... Nd7 15. f3 (
15. Rd1 $14 {/\d5}) 15... Nef6 16. e4 fxe4 17. fxe4 e5 (17... c5 $6 18. d5 $16
{><e6}) 18. d5 $14) 15. f3 $16 cxd4 16. fxe4 Bxe4 17. Bxe4 (17. Qd1 $6 e5 18.
Bg5 {/\Bxf6+/-} Bxg2 19. Kxg2 Qb7+ 20. Kg1 Ne4 $44) 17... Nxe4 18. Nf2 $2 (18.
e3 $1 dxe3 (18... Qf6 19. Nf2 d3 20. Nxd3 Qxa1 21. Bb2 $18) 19. Bxe3 $16) 18...
Qb7 19. Nxe4 (19. e3 $2 Ng5 {><f3}) 19... fxe4 20. Bb2 e5 $44 21. b4 e3 22. a4
Rac8 23. Ba3 g6 24. Rac1 Kg7 25. Qb1 (25. c5 Rxf1+ 26. Rxf1 Qd5 $132) 25... Qd7
26. b5 $1 Rxf1+ 27. Rxf1 Rxc4 28. Qe4 Rc8 (28... Rxa4 $2 29. Qc6 $1 Qxc6 30.
bxc6 Rxa3 31. Rc1 $18) 29. Qf3 Qe7 30. Qd5 Rd8 31. Bb4 (31. Rc1 Rd7 (31... Qf6
$2 32. Rc7+ Kf8 33. Qg2 $18) 32. Rc8 Qf7 (32... Qf6 33. Qg8+ Kh6 34. Rf8 Qg7
$14) 33. Qxf7+ Kxf7 $10) 31... h5 32. Kg2 Qd7 33. h3 (33. Rc1 Qf7 34. Qxf7+
Kxf7 35. Rc7+ Ke6 36. Rxa7 Rf8 $132) 33... Qe7 34. Kg1 Qd7 35. Kh2 Qe7 36. Rf3
Qd7 37. Ba3 Qe7 38. Bb4 Qd7 39. h4 Qe7 40. Ba3 Rd7 41. Rf1 Kh7 42. Kh3 Kg7 43.
Rf3 Rd8 44. Rf1 Rd7 45. Kg2 Kh7 46. Rc1 Qf6 47. Rf1 Qe7 $10 48. Bb4 Kg7 49. Kh3
Rd8 50. Kh2 Rd7 51. a5 $5 bxa5 52. Bxa5 Kh7 53. Bb4 Kg7 54. Kh3 Kh7 55. g4
hxg4+ 56. Kxg4 Kg7 57. h5 gxh5+ 58. Kh3 (58. Kxh5 Kh8 $40) 58... Qg5 59. Rf3
Qg4+ 60. Kh2 Kh7 61. Rg3 (61. Rf7+ Kg6 62. Rxd7 Qh4+ 63. Kg2 Qf2+ 64. Kh3 Qf5+
$10) 61... Qh4+ 62. Kg2 Qf6 63. Qf3 $2 (63. Qg8+ Kh6 64. Kh2 Rf7 65. Bxd6 Qf2+
66. Rg2 Qh4+ 67. Kg1 Qe1+ $10) 63... Qxf3+ 64. Kxf3 Rf7+ $17 65. Ke4 Rf4+ 66.
Kd3 (66. Kd5 d3 $17) 66... Rf6 67. Rg1 h4 68. Ra1 Kg6 69. Rxa7 d5 70. Be1 $2 (
70. Be7 $142 Rf1 {/\Rc1,/\h3}) 70... Rf1 71. Bxh4 Rc1 $19 {/\Rc3#} 72. Ra6+ Kh5
73. Rc6 Rd1+ 74. Kc2 Rd2+ 75. Kc1 d3 $1 (75... Kxh4 $4 76. Rc2 $18) 76. b6 (76.
exd3 Kxh4 77. b6 Rxd3 $19) 76... Kxh4 77. b7 dxe2 78. Rh6+ Kg3 79. Rh1 Rd1+ 80.
Kc2 Rxh1 81. b8=Q Rc1+ $2 (81... e1=Q 82. Qxe5+ Kf2 83. Qf5+ Kg1 84. Qg5+ Kf1
$19) 82. Kd3 e1=N+ $1 (82... e1=Q $2 83. Qg8+ Kh2 84. Qg2+ $1 Kxg2 $10) 83.
Kxe3 Ng2+ 84. Kd2 Re1 85. Qg8+ Kf2 86. Qxd5 $2 (86. Qg5 Re2+ 87. Kc1 Nf4 $19)
86... Rd1+ 0-1

[Event "Horgen CS"]
[Site "Horgen"]
[Date "1994.??.??"]
[Round "10"]
[White "Lautier, Joel"]
[Black "Lutz, Christopher"]
[Result "1/2-1/2"]
[WhiteElo "2645"]
[BlackElo "2580"]
[Annotator "Dautov,R"]
[PlyCount "89"]
[EventDate "1994.09.??"]
[EventType "tourn"]
[EventRounds "11"]
[EventCountry "SUI"]
[EventCategory "16"]
[SourceTitle "CBM 043"]
[Source "ChessBase"]
[SourceDate "1994.12.01"]
[SourceVersion "1"]
[SourceVersionDate "1994.12.01"]
[SourceQuality "1"]

1. d4 Nf6 2. c4 e6 3. Nc3 Bb4 4. Qc2 O-O 5. a3 Bxc3+ 6. Qxc3 b6 7. Bg5 c5 8.
dxc5 bxc5 9. e3 d6 10. Bd3 Nbd7 11. Ne2 Rb8 12. Rd1 Ne4 $1 {N} (12... Qb6 13.
Rd2 Ba6 14. Bf4 e5 15. Bg3 Qc6 16. O-O Rb6 17. Nc1 Bb7 18. f3 $14 {
Lautier-Timman/Wijk m/2/1994}) (12... h6 $6 13. Bf4 e5 14. Bg3 $16) 13. Bxe4
Qxg5 14. Bc2 (14. Rxd6 $6 Qe5 15. Qxe5 (15. Qd3 Nf6 16. Rd8 $4 (16. Bf3 Qxb2 {
/\Rb3}) 16... Qxe4 17. Rxf8+ Kxf8 18. Qd6+ Ke8 19. Qxb8 Qb1+ 20. Kd2 Ne4#)
15... Nxe5 $15) 14... Qe7 (14... Qe5 15. b3 Rb6 16. f4 Qxc3+ (16... Qh5 17. Ng3
Qh4 18. O-O Bb7 19. Rd2 $14) 17. Nxc3 Bb7 18. O-O $14 {/\Nb5,><d6}) 15. O-O Rd8
16. Rd2 Bb7 17. Rfd1 Nf6 (17... d5 $5 18. cxd5 (18. Qa5 Nb6) (18. Nf4 Nf6)
18... exd5 19. b4 c4 20. Ng3 g6 21. Rd4 Nf6 22. Rf4 $14) 18. Qa5 Be4 19. Ba4
Ba8 $10 20. f3 (20. Nc3 Ng4 (20... Ne4 21. Nxe4 Bxe4 22. f3 Ba8 23. e4 $14) 21.
Nb5 Qg5 $36) 20... d5 21. Nc3 Ne8 $5 {/\Nd6} 22. Nb5 (22. cxd5 exd5 {><e3}) (
22. Bxe8 Rxe8 $10) 22... a6 $1 23. Qxa6 Bb7 24. Qb6 (24. Qa5 $2 Ra8) 24... Ra8
25. Nc3 $8 Nd6 26. cxd5 (26. b3 Nc8 27. Qb5 Na7 28. Qb6 Nc8 $10) (26. Qxc5 Rdc8
27. Qb4 Rxc4 28. Qb3 Bc6 29. Bxc6 Rxc6 $44 {/\Qa7}) 26... Nc4 27. d6 Rxd6 28.
Qxc5 (28. Rxd6 $6 Nxb6 29. Rxb6 Bd5 30. e4 Qc7 31. Nxd5 exd5 32. Rc6 Qb7 33.
Rxd5 $2 h6 34. b3 Rxa4 $19) 28... Nxd2 29. Rxd2 Rd7 (29... Rad8 $5 {/\} 30. Nb5
Qh4 31. g3 Rc6 $1 32. gxh4 Rxd2 $19) 30. Qxe7 Rxe7 31. Kf2 g6 32. e4 Rc7 33.
Rd4 (33. Bc2 $5 $10) 33... Ba6 34. Rd6 Bc4 35. Rb6 Rd8 36. Ke1 Kg7 37. Bd1 h5
38. h4 (38. a4 $5) 38... Rdd7 $1 39. Rb4 (39. a4 $2 Rb7 $17) 39... Kf6 40. a4
Ke5 $15 41. a5 Rd8 (41... Bd3 $5 42. g3 Rb7 43. f4+ Kd6 44. Rxb7 Rxb7 45. Kd2
Ba6 46. Kc2 Kc5 $17) 42. Rb6 Ra8 43. b4 Rd8 44. Ba4 Rd3 (44... Kd4 45. Nd1) 45.
Nb5 (45. Nb5 Bxb5 (45... Rcd7 $5) 46. Bxb5 Rb3 47. Bc6 Kf4 48. b5 (48. Kd2 $5)
48... Ke3 49. Kd1 Kd3 50. Kc1 Ra3 51. a6 Kc3 52. Kb1 Rb3+ 53. Ka2 Rb2+ 54. Ka3
Rb1 $10) 1/2-1/2

[Event "Linares 13th"]
[Site "Linares"]
[Date "1995.03.10"]
[Round "8"]
[White "Lautier, Joel"]
[Black "Karpov, Anatoly"]
[Result "0-1"]
[WhiteElo "2655"]
[BlackElo "2780"]
[Annotator "Dautov,R"]
[PlyCount "80"]
[EventDate "1995.03.01"]
[EventType "tourn"]
[EventRounds "13"]
[EventCountry "ESP"]
[EventCategory "17"]
[SourceTitle "CBM 046"]
[Source "ChessBase"]
[SourceDate "1995.06.01"]
[SourceVersion "1"]
[SourceVersionDate "1995.06.01"]
[SourceQuality "1"]

1. d4 {Konikowski Ftacnik Notkin} Nf6 2. c4 e6 3. Nc3 Bb4 4. Qc2 O-O 5. a3
Bxc3+ 6. Qxc3 b6 7. Bg5 Bb7 8. e3 d6 9. f3 Nbd7 10. Bd3 c5 11. Ne2 Rc8 12. Qb3
$6 (12. Qd2) (12. b4) 12... h6 (12... cxd4 {Notkin} 13. exd4 e5 14. Bf5 Rc7 15.
Qb4 $1 h6 16. Bh4 d5 17. cxd5 Bxd5 18. O-O $14 {Ftacnik} exd4 19. Nxd4 Rc4 20.
Qd2 Nc5 21. Rad1 Nb3 22. Qf2 Nxd4 23. Rxd4 Rxd4 24. Qxd4 $14 {Drasko,M-Tozer,R/
Budapest Spring op (2)/1990/1-0 (52)}) 13. Bh4 cxd4 (13... d5 14. cxd5 Bxd5 15.
Qd1 (15. Qa4 cxd4 (15... Bc6 {Ftacnik} 16. Qd1 b5 17. O-O Qb6 18. Rc1 Bb7 19.
Bb1 cxd4 20. Qxd4 Qxd4 21. Nxd4 a6 {Hoffmann,M-De Firmian,N/Biel op (08)/1994/
0.5 (22)}) 16. exd4 Bc6 $10 (16... Bc6 {Notkin} 17. Qd1 b5 (17... Qc7 18. O-O
Qb7 19. Re1 Nd5 $10 {Agdestein,S-Hjartarson,J/Groningen/1993/0,5/73/}) 18. O-O
Qb6 19. Bf2 Qb7 20. Ng3 Nb6 $10 {Sokolov,I-Adams,M/Preston/1989/0,5/27/}))
15... cxd4 16. Nxd4 Bc4 17. O-O a6 $6 (17... Qe7 $5 {Sokolov,I/}) 18. Rc1 b5 $6
19. Bxc4 Rxc4 20. Rxc4 bxc4 21. Qa4 $16 {Sokolov,I-Georgiev,Ki/Burgas 1992})
14. exd4 d5 15. c5 $2 {N} (15. O-O $142 $1 dxc4 (15... Ba6 16. cxd5 Bxd3 17.
Qxd3 exd5 18. Nc3 $14) (15... dxc4 $5 16. Bxc4 Qc7 17. Rac1 Qb8 18. Bg3 Qa8 19.
Nc3 $13) 16. Bxc4 Nb8 (16... a6 {Notkin} 17. a4 Qe7 18. Rac1 Bd5 19. Bxd5 exd5
20. Qd3 $14 {Abramov,S-Appolonov,S/Podolsk/1993/0,5/43/}) (16... g5 $5 {
/\Bd5 Sakaev/}) 17. Qd3 Bd5 $2 18. Bxd5 Qxd5 19. Bxf6 gxf6 20. Nc3 Qc4 21. Qe3
Kg7 22. Rad1 $16 {Polgar,Zs-Ioseliani,N/Monaco (m/3) 1993}) (15. cxd5 {Ftacnik}
Bxd5) 15... Ba8 (15... e5 $6 {Notkin} 16. cxb6 $14) 16. Ba6 Rc7 17. Bg3 (17.
cxb6 Rc6 $1 $15 (17... Nxb6 {Notkin} 18. Bg3 Rc6 (18... Re7 $13) 19. Bb5 Rc8
$10 (19... Rc8 {Konikowski} 20. Ba6 $10)) (17... axb6 {Ftacnik} 18. Bg3 Ra7 19.
Bb5)) 17... bxc5 $1 (17... Rc6 18. Bb5 Rc8 19. Ba6) 18. Bxc7 Qxc7 19. Qc3 (19.
O-O $2 Rb8 (19... c4 {Notkin} 20. Qa4 $8 Bc6 21. Bb5 Bxb5 22. Qxb5 Rb8 23. Qa4
Rxb2 {/\e5-/+/}) 20. Qc3 Qb6 $17) (19. Bb5 $6 {Notkin} Qa5+) (19. dxc5 $2 {
Ftacnik} Qa5+ $19) 19... e5 20. Bd3 (20. dxe5 $2 d4 (20... Nxe5 {Ftacnik} 21.
O-O Re8 $44) 21. Qd2 (21. Nxd4 $2 Nd5 $19) 21... Nxe5 22. O-O Qb6 $17 (22...
Qb6 {Konikowski} 23. f4 Ne4 24. Qd1 d3 25. fxe5 c4+ 26. Kh1 dxe2 27. Qxe2 Qxa6
$19)) (20. dxc5 d4 21. Qd2 (21. Qc4 {Ftacnik} Bd5 22. Qa4 Nxc5 23. Rc1 Qb6 $17)
21... Nxc5 22. Rc1 Qb6 23. Bc4 Nd5 (23... Nb3 $5 24. Bxb3 Qxb3 25. O-O Nd5 $44)
(23... Rd8 $17 {Notkin}) (23... d3 {Konikowski} 24. b4 (24. Ng3 $5) 24... Nce4
$1 25. fxe4 Nxe4 26. Qxd3 Qf2+ 27. Kd1 Qxg2 28. Bxf7+ Kh8 29. Kc2 Ng3 $1 30.
hxg3 Be4 31. Bh5 Bxd3+ 32. Kxd3 g6 33. Bg4 (33. Bxg6 Qf3+ $19) 33... h5 $17 {
Gavrikov}) (23... Rd8 $5) 24. b4 Ne6 25. Bxd5 Bxd5 $44 {/\} 26. O-O $2 d3+ 27.
Rf2 dxe2 28. Qxd5 Rd8 $19) (20. O-O {Notkin} exd4 21. Nxd4 Qb6 $19) 20... exd4
21. Nxd4 Re8+ 22. Kf1 (22. Ne2 $2 d4 23. Qd2 c4 (23... Ne5 {Notkin} 24. O-O c4
$17) 24. Rc1 Ne5 $19) 22... Qb6 23. Nf5 d4 $17 24. Qd2 Ne5 25. Re1 Re6 $1 {
/\Nxd3} (25... Nxd3 $2 26. Rxe8+ Nxe8 27. Qxd3 Qxb2 28. Qe2 $13) (25... c4 26.
Bc2 d3 27. Ba4 Re6 28. Qb4 $13) 26. Bb1 (26. Be4 {Ftacnik} Nxe4 27. fxe4 Nc4
28. Qc2 Nxb2 29. Nxd4 cxd4 30. Qc8+ Kh7 31. Qxa8 Rf6+ $19) (26. Be2 {Ftacnik}
Bb7 27. Rd1 d3 $1 $19) (26. Kf2 $2 {Konikowski} Qxb2 $1 27. Qxb2 Nxd3+ $19)
26... Bb7 (26... Nc4 27. Qc1 Rxe1+ 28. Kxe1 Qxb2 (28... Nxb2 29. Nxd4 $15) 29.
Qxb2 Nxb2 30. Ba2 $132) 27. Kf2 (27. Ba2 {Notkin} Ba6+ 28. Kg1 c4 29. Nxd4 (29.
Qxd4 Nxf3+ 30. gxf3 Rxe1+ 31. Kg2 Re2+ $19) 29... Rd6 (29... Nc6 {Ftacnik} 30.
Rxe6 fxe6 $19) 30. Rxe5 Rxd4 31. Qe3 Rd1+ $19) (27. Ba2 $142 {Konikowski})
27... d3 28. Rhf1 (28. h3 {Notkin} c4+ 29. Ne3 Nd5 30. Kg3 Qd6 $17) (28. Kf1 {
Ftacnik} c4 29. Ba2 Bxf3 30. gxf3 Nxf3 $19) 28... c4+ 29. Kg3 (29. Ne3 $2 Neg4+
30. fxg4 Nxg4+ $19 (30... Nxg4+ $1 {Notkin} 31. Kg1 Nxe3 32. Rf2 Ng4 $19) (
30... Ne4+ $19 {Ftacnik})) (29. Re3 {Ftacnik} Neg4+ $19) 29... Nh5+ 30. Kh3 (
30. Kh4 {Ftacnik} Qd8+ 31. Kxh5 g6+ 32. Kxh6 Qf6 $1 33. Ne7+ (33. Rxe5 {
Konikowski} gxf5+ 34. Kh5 Qh8+ 35. Kg5 Qxe5 36. Kh4 Qxh2+ 37. Kg5 Rg6+ 38. Kxf5
Qh5+ 39. Kf4 Qg5#) 33... Rxe7 34. g3 g5+ 35. Kh5 Qg6#) 30... Ng6 $1 31. g3 (31.
Rxe6 {Ftacnik} Qxe6 32. Qa5 Ngf4+ 33. Kh4 Qf6+ 34. Kg4 Qg5#) 31... Bc8 32. Re4
$8 (32. Kg2 {Ftacnik} Rxe1 33. Rxe1 Bxf5 34. g4 Nh4+ $19) 32... Qc5 (32... Re5
$5 33. Rxe5 Nxe5 34. g4 Bxf5 35. gxf5 Qf6 $17) 33. g4 (33. Rxe6 {Ftacnik} Qxf5+
34. g4 Ngf4+ 35. Kh4 Qg5#) 33... Ngf4+ $1 34. Rxf4 (34. Kh4 {Ftacnik} g5#)
34... Re2 35. Qc1 (35. Rxc4 {Ftacnik} Qxc4 36. Bxd3 Qxd3 37. Qxd3 Nf4+ 38. Kg3
Nxd3 $19) 35... Nxf4+ 36. Qxf4 Bxf5 37. gxf5 (37. Qxf5 {Notkin} Qc7 38. f4 (38.
Rh1 {Ftacnik} Re5 39. Qf4 (39. Bxd3 {Konikowski} Rxf5 40. Bxf5 Qb7 41. Be4 Qxb2
42. Rb1 Qe5 43. Rb7 a5 $19) 39... Rh5+ 40. Kg3 Rh3+ 41. Kxh3 Qxf4 $19) 38...
Qc6 $19 (38... Qb7 $19)) 37... Rxb2 38. Re1 $2 (38. f6 $2 Qh5+ $19) (38. Qg4
Qe5 39. Rh1 Qe2 40. f6 g6 $19 {/\c3}) (38. Qe4 $32 {Notkin}) 38... Qf2 39. Qg3
(39. Rd1 {Ftacnik} Qg2+ 40. Kh4 Qe2 41. Rg1 Qxh2+ 42. Qxh2 Rxh2+ 43. Kg3 Rd2
44. Rc1 Rb2 45. Kf4 d2 46. Rd1 c3 $19) 39... Qxg3+ 40. hxg3 (40. Kxg3 {
Konikowski} Rxb1 $1 41. Rxb1 c3 $19) 40... Rxb1 $1 (40... Rxb1 41. Rxb1 c3 $19
(41... c3 {Ftacnik} 42. Rb8+ Kh7 43. Rd8 c2 $19)) 0-1

[Event "New York CITS"]
[Site "New York"]
[Date "1996.??.??"]
[Round "6"]
[White "Sokolov, Ivan"]
[Black "De Firmian, Nick E"]
[Result "1/2-1/2"]
[WhiteElo "2665"]
[BlackElo "2595"]
[Annotator "Dautov,R"]
[PlyCount "46"]
[EventDate "1996.03.??"]
[EventType "tourn"]
[EventRounds "11"]
[EventCountry "USA"]
[EventCategory "13"]
[SourceTitle "CBM 052"]
[Source "ChessBase"]
[SourceDate "1996.06.01"]
[SourceVersion "1"]
[SourceVersionDate "1996.06.01"]
[SourceQuality "1"]

1. d4 Nf6 2. c4 e6 3. Nc3 Bb4 4. Qc2 O-O 5. a3 Bxc3+ 6. Qxc3 Ne4 7. Qc2 f5 8.
Nh3 (8. Nf3 b6 9. g3 Bb7) 8... Nc6 (8... d6 9. f3 Nf6 10. e3 Qe7 11. Bd3 a5 12.
Bd2 b6 13. O-O Bb7 (13... a4 $142) 14. b4 axb4 15. axb4 Nbd7 16. Qb2 $14 {
Kharlov,A-Vyzmanavin,A/Novosibirsk (04) ;CBM 50 1995}) 9. e3 (9. f3 Nf6 10. e3
e5 $5 11. dxe5 Nxe5 12. Nf4 d6 13. Be2 g5 14. Nh3 Nh5 (14... h6 $5) 15. f4 gxf4
16. exf4 Qh4+ 17. Nf2 Ng4 18. g3 Qe7 19. O-O Nxf2 20. Rxf2 Nf6 21. Bd3 $16 {
Kharlov,A-Makarichev,S/RUS-chT Moscow (09) ;EXP 45 1994}) 9... d6 10. f3 (10.
Bd3 e5 11. d5 Ne7 12. b4 Ng6 13. Bb2 Ng5 14. Nxg5 Qxg5 15. g3 f4 16. gxf4 exf4
17. O-O-O fxe3 18. fxe3 Qxe3+ 19. Kb1 Qh3 20. Bxg6 hxg6 21. Ka2 Bf5 22. Qd2
Rae8 $17 {Flear,G-De Firmian,N/Antwerpen op (7) ;TD 94/02 1994}) 10... Nf6 11.
Nf2 (11. Bd3 Qe8 (11... e5 $5) 12. O-O Ne7 13. Bd2 Bd7 14. Nf2 Qh5 15. Rae1
Rae8 16. b4 $14 Kh8 17. b5 c5 18. bxc6 Nxc6 19. Bc3 Bc8 20. a4 b6 21. c5 bxc5
22. dxc5 d5 23. Bb5 Bb7 24. Bxc6 Bxc6 25. Nd3 Nd7 26. Ne5 $16 {Brunner,L-Nemet,
I/SUI-chT (07) ;EXP 49 1995}) 11... e5 12. d5 Ne7 13. Be2 (13. Bd3 $5 a5 14. b3
Bd7 15. Bd2 (15. Bb2 Kh8 16. O-O Ng6 {/\} 17. Bxf5 Bxf5 18. Qxf5 Nxd5 $10)
15... Kh8 16. O-O $14 {/\b4}) 13... a5 14. b3 Bd7 15. O-O Ng6 16. Bd2 $1 (16.
Bb2 Qe7 {ץb2}) 16... Qe7 17. Rae1 $6 (17. b4 $1 axb4 18. axb4 b5 (18... b6 19.
Bd3 $14) 19. e4 fxe4 20. fxe4 Rxa1 21. Rxa1 bxc4 22. Qxc4 Ne8 23. g3 $14 {
/\Be3,b5-b6}) 17... b6 18. Nh1 $6 Rae8 19. Ng3 f4 $10 20. exf4 Nxf4 21. Bd3 (
21. Bxf4 $2 exf4 $17) (21. Bd1 Qf7 $10) 21... Nxd3 22. Qxd3 Qf7 23. f4 exf4 (
23... e4 $2 24. Qd4 $16 {><e4}) 1/2-1/2

[Event "Tilburg"]
[Site "Tilburg"]
[Date "1994.??.??"]
[Round "2"]
[White "Alterman, Boris"]
[Black "Sokolov, Ivan"]
[Result "0-1"]
[WhiteElo "2585"]
[BlackElo "2625"]
[Annotator "Dautov,R"]
[PlyCount "80"]
[EventDate "1994.09.??"]
[EventType "k.o."]
[EventRounds "7"]
[EventCountry "NED"]
[SourceTitle "CBM 044"]
[Source "ChessBase"]
[SourceDate "1995.02.01"]
[SourceVersion "1"]
[SourceVersionDate "1995.02.01"]
[SourceQuality "1"]

1. d4 Nf6 2. c4 e6 3. Nc3 Bb4 4. Qc2 O-O 5. a3 Bxc3+ 6. Qxc3 Ne4 7. Qc2 f5 8.
e3 (8. g3 b6 9. Bg2 Bb7 10. Nf3 Qe7 (10... d6 $1 {/\Nd7}) 11. O-O c5 12. dxc5
bxc5 13. b4 $14 {Bareev-Romanishin/Beograd/1993}) 8... b6 (8... c5 9. Nf3 b6
10. Bd3 Bb7 11. O-O Nc6 12. Rd1 Ne7 13. b4 cxb4 14. axb4 b5 15. cxb5 Rc8 16.
Qb2 Nc3 17. Rf1 Bxf3 18. gxf3 Ned5 19. e4 fxe4 20. fxe4 Nf4 21. Bxf4 Rxf4 $44
22. f3 {0,5/Dorfman-Romanishin/Polanica Zdroj/1993}) 9. Bd3 Bb7 10. f3 $6 (10.
Ne2 {>=} d6 (10... Qg5 11. Nf4 $14) (10... Qh4 11. O-O) 11. f3 Nf6 12. O-O $14
{Taimanov}) 10... Qh4+ $1 11. g3 Qf6 12. Nh3 (12. fxe4 $2 fxe4 13. Qg2 (13. Be2
Qf2+ 14. Kd1 Qg2 $19) 13... exd3 14. Qxb7 Qf1+ 15. Kd2 Nc6 $19) (12. Ne2 $2 Ng5
$17) (12. Qe2 $5 Nd6 (12... Ng5 $5) 13. Bd2 c5 14. Bc3 Qh6 $13) 12... Nd6 13.
Rf1 $2 {פh3,Ke1} (13. O-O {>=} c5 14. dxc5 bxc5 15. Bd2 Nc6 16. Bc3 Qh6 17.
Nf4 a5 $10) 13... c5 14. dxc5 bxc5 15. Bd2 (15. Nf4 e5 16. Nd5 Bxd5 17. cxd5 c4
$1 18. Bxc4 (18. Be2 Na6 19. Bd2 Qh6 $15) 18... Rc8 19. b3 Nxc4 20. bxc4 d6 21.
Rb1 Nd7 $36 {~/=}) (15. Ng1 Nc6 16. Bd2 Qh6 17. Rf2 e5 18. O-O-O Rae8 $15)
15... Qh6 16. Nf4 e5 $1 (16... Qxh2 $6 17. O-O-O Qxg3 18. Rg1 (18. Bc3 $40)
18... Qxf3 19. Be2 Qe4 20. Qc3 Rf7 21. Bh5 Re7 22. Be1 $40) 17. Nd5 (17. Ne2 $2
e4 18. fxe4 fxe4 19. Rxf8+ Kxf8 $19) 17... Bxd5 18. cxd5 c4 $1 $17 19. Be2 (19.
Bxc4 Rc8 20. b3 Qxh2 21. O-O-O Nxc4 22. bxc4 Qe2 23. c5 Qb5 $17) 19... Qxh2 20.
Bb4 Qxg3+ 21. Kd2 Qg6 22. Rg1 Qf6 {/\Na6} 23. Rg5 $6 (23. Rg2 Na6 24. Bxd6 Qxd6
25. Bxc4 Rac8 26. Rag1 g6 $17) 23... Qxg5 24. Bxd6 Re8 25. Qxc4 Qf6 $19 26. Bb4
(26. Qc7 e4 27. Rb1 exf3 28. Bxf3 Na6 $19) (26. Qb4 a5 27. Qb7 Na6 28. Bxa6
Qxd6 $19) 26... a5 27. Bc3 d6 28. Qa4 Qf7 29. Bb5 Rc8 30. Ke2 Qh5 31. Rg1 Ra7
32. Kf2 h6 (32... Rf7 $2 33. Be8) 33. Rg2 Kh8 34. Rg1 Qf7 35. Rd1 Na6 36. Bc6 (
36. Qxa5 Nc5 37. Qb6 Rb7 38. Qa5 Rcb8 39. a4 Ra7 40. Qb4 Rxa4 $19) 36... Qh5
37. Qxa5 e4 $1 38. Bd4 Qh2+ 39. Kf1 exf3 40. Rd2 Qh1+ 0-1

[Event "Horgen-B"]
[Site "Horgen"]
[Date "1995.??.??"]
[Round "7"]
[White "Brunner, Lucas"]
[Black "Almasi, Zoltan"]
[Result "1/2-1/2"]
[WhiteElo "2530"]
[BlackElo "2630"]
[Annotator "Dautov,R"]
[PlyCount "82"]
[EventDate "1995.10.??"]
[EventType "tourn"]
[EventRounds "9"]
[EventCountry "SUI"]
[EventCategory "11"]
[SourceTitle "CBM 050"]
[Source "ChessBase"]
[SourceDate "1996.02.01"]
[SourceVersion "1"]
[SourceVersionDate "1996.02.01"]
[SourceQuality "1"]

1. d4 Nf6 2. c4 e6 3. Nc3 Bb4 4. Qc2 O-O 5. a3 Bxc3+ 6. Qxc3 b6 7. Bg5 Bb7 8.
f3 h6 9. Bh4 d5 10. e3 Nbd7 11. cxd5 Nxd5 12. Bxd8 Nxc3 13. Bh4 Nd5 14. Bf2 c5
(14... f5) 15. e4 Nf4 (15... Ne7 16. Bb5 Nc6 17. Ne2 Rfc8 18. O-O cxd4 19. Nxd4
Nc5 20. Nxc6 {1/2-1/2 Gurevich,M-Polugaevsky,L/New York op (8) 1989}) (15...
N5f6 16. Ne2 $14) 16. Bb5 Rfd8 {N} (16... Nf6 17. Ne2 (17. g3 a6 18. Bf1 Ng6
19. dxc5 Nxe4 20. cxb6 Nxf2 21. Kxf2 Rfd8 $15) (17. dxc5 $5 Nxg2+ 18. Kf1 Nf4
19. c6 Bc8 20. Ne2 $16) 17... Nxe2 18. Kxe2 cxd4 19. Bxd4 $14 Nh5 20. Be3 (20.
Rhd1 $5) 20... f5 21. exf5 Rxf5 22. Bd3 (22. Bc4 $5 Kf7 23. Rhd1) 22... Nf4+
23. Bxf4 Rxf4 24. Rhd1 Kf8 25. Rac1 Rd8 26. Rc7 Rf7 27. Rdc1 Rdd7 28. Rxd7 Rxd7
$10 {Gurevich,M-Van der Wiel,J/Antwerpen (08) 1993}) 17. Ne2 (17. g3 Ng6 18.
Ne2 cxd4 19. Nxd4 Nde5 20. Rd1 Rxd4 21. Bxd4 Nxf3+ 22. Ke2 Bxe4 23. Bc3 $13)
17... Nxe2 18. Kxe2 cxd4 19. Bxd4 Rac8 20. Rac1 Nb8 $1 (20... Nf6 21. Ke3 Kf8
22. Rhd1 Ke7 23. Bc3 Rxd1 24. Rxd1 Bc6 25. Ba6 Rd8 26. Bb4+ Ke8 27. Rxd8+ Kxd8
28. Bf8 $16) (20... Nc5 21. Bxc5 bxc5 22. Rc2 $14 {><c5}) 21. Be3 (21. Rxc8
Rxc8 22. Rd1 Ba6 (22... Rc2+ 23. Rd2 Nc6 24. Bc3 Rxd2+ 25. Kxd2 $14) 23. Bxa6
Nxa6 24. Bc3 Nc5 25. Ke3 Kf8 $10) 21... Nc6 (21... Ba6 22. Bxa6 Nxa6 23. Rhd1
Kf8 24. Rxd8+ Rxd8 25. b4 Ke8 26. b5 Nb8 27. a4 Nd7 28. a5 $14) 22. Rc3 (22.
Rhd1 $5) 22... a6 $1 (22... Nd4+ 23. Bxd4 Rxd4 24. Rxc8+ Bxc8 25. Rc1 Bd7 26.
Bd3 $14 {<->c}) 23. Bd3 (23. Bxc6 Bxc6 24. Bxb6 Bb5+ 25. Ke1 Rxc3 26. bxc3 Rd3
$44) (23. Ba4 b5 24. Bc2 (24. Bb3 Na5 $10) 24... Nd4+ 25. Bxd4 Rxd4 26. Rxc8+
Bxc8 $10) 23... Ne5 $1 24. Rxc8 Bxc8 25. Bxb6 (25. Bc2 Bd7 $1 (25... Nc4 26.
Bc1 a5 27. b3 Ne5 28. Bb2 $14) 26. Rc1 (26. Bxb6 $2 Bb5+ 27. Ke1 $8 Rc8 28. Kd1
Nc4 $17) 26... Bb5+ 27. Kf2 Nc4 $10) 25... Rxd3 26. Bc7 Ng4 $10 27. Kxd3 (27.
fxg4 $2 Rb3 28. Be5 Bb7 $15) 27... Nf2+ 28. Ke2 Nxh1 29. Kf1 f5 30. exf5 exf5
31. Kg1 g5 32. Kxh1 f4 33. Kg1 Be6 34. b4 Bd7 35. Kf2 Bb5 36. g3 fxg3+ 37. hxg3
Kf7 38. Ke3 Bc6 39. f4 gxf4+ 40. Kxf4 h5 41. Ke5 Ke7 1/2-1/2

[Event "YUG-chT"]
[Site "Tivat"]
[Date "1995.??.??"]
[Round "6"]
[White "Goldin, Alexander"]
[Black "Shneider, Aleksandr"]
[Result "1-0"]
[WhiteElo "2585"]
[BlackElo "2530"]
[Annotator "Dolmatov,S"]
[PlyCount "85"]
[EventDate "1995.??.??"]
[EventType "team-swiss"]
[EventRounds "11"]
[EventCountry "YUG"]
[SourceTitle "CBM 048 Extra"]
[Source "ChessBase"]
[SourceDate "1995.11.01"]
[SourceVersion "1"]
[SourceVersionDate "1995.11.01"]
[SourceQuality "1"]

1. d4 Nf6 2. c4 e6 3. Nc3 Bb4 4. Qc2 O-O 5. a3 Bxc3+ 6. Qxc3 b6 7. Bg5 c5 (7...
Bb7 8. f3 c5 9. dxc5 bxc5 10. e3 Nc6 11. Nh3 h6 12. Bh4 Qa5 13. Qxa5 Nxa5 14.
b4 cxb4 15. axb4 Nc6 16. b5 Ne7 17. Bd3 Rfc8 18. e4 Ng6 19. Bg3 d5 $10 {
Gurevich,M-Andersson,U/Reggio Emilia/1990/}) 8. dxc5 bxc5 9. e3 d6 (9... Nc6
10. Nf3 Qa5 11. Qxa5 Nxa5 12. b4 Nc6) 10. Bd3 Nbd7 11. Nf3 a5 12. O-O Bb7 13.
Nd2 Re8 $10 (13... Qb6 $5) 14. Rad1 h6 15. Bh4 Qb6 16. f3 Rab8 17. Rb1 d5 18.
Bf2 (18. Bg3 $6 e5 19. cxd5 Nxd5) 18... Ba6 19. Rfc1 Rec8 20. Bf1 Ra8 $6 21.
Re1 Re8 22. h3 a4 $2 (22... Bb7 $10 23. b4 axb4 24. axb4 cxb4 25. Rxb4 Qc7 26.
Reb1 Ba6 $10) 23. e4 $1 dxe4 (23... d4 24. Qc2 e5 (24... Bb7 25. e5 Nh7 26. f4
$16) 25. Qxa4 $16) (23... Bb7 24. e5 $16) 24. Nxe4 Nxe4 25. Rxe4 $16 Bb7 26.
Re2 Rad8 $6 (26... Bc6 27. Rd2) 27. Qe3 Qc7 28. Rd2 Bc6 29. Rbd1 Rb8 30. Qd3
Rec8 31. Rc2 (31. Qd6 Qxd6 32. Rxd6 Rb7 33. R1d2 $16) 31... Rb7 32. Qd6 Qxd6
33. Rxd6 Kf8 34. Be2 Ke7 35. Rcd2 Ke8 (35... Rxb2 $2 36. Rxd7+ $18) 36. Bd1 Nb6
$2 (36... Ke7 37. h4 $16) 37. Bxc5 Nxc4 38. Rxc6 $18 Rxc6 39. Bxa4 Nxd2 40.
Bxc6+ Rd7 41. Bxd7+ Kxd7 42. Bf8 g6 43. Bb4 1-0